| 000 | 00449nam a2200169Ia 4500 | ||
|---|---|---|---|
| 003 | GCL | ||
| 008 | 140319s9999 xx 000 0 eng d | ||
| 040 |
_aGCL / _cGCL |
||
| 082 | 0 | 4 |
_a437 _bC G |
| 100 | 1 | _aCLYNE, MICHAEL G. | |
| 245 | 1 | 0 |
_aTHE GERMAN LANGUAGE: IN A CHANGING EUROPE / _cCLYNE, MICHAEL G. |
| 260 |
_a[S.N] : _bCAMBRIDGE UNIVERSITY PRESS ، _c1995 |
||
| 300 | _a269 P | ||
| 650 | 0 | 4 | _aGERMAN |
| 650 | 0 | 4 | _aLANGUAGES |
| 942 |
_2ddc _cBK |
||
| 999 |
_c12238 _d12238 |
||